|
|
|
|
| LEADER |
00991nam a2200289 4500 |
| 001 |
DLU210196454 |
| 005 |
##20210526 |
| 040 |
# |
# |
|a DLU
|b vie
|
| 041 |
# |
# |
|a vie
|
| 044 |
# |
# |
|a vn
|
| 100 |
# |
# |
|a Lê Thị Ái Lâm.
|
| 245 |
# |
# |
|a Thương mại hóa sản phẩm khoa học và công nghệ của các trường đại học Nhật Bản /
|c Lê Thị Ái Lâm, Nguyễn Hồng Nga.
|
| 653 |
# |
# |
|a Chính sách
|
| 653 |
# |
# |
|a Khoa học và công nghệ
|
| 653 |
# |
# |
|a Nhật Bản
|
| 653 |
# |
# |
|a Sản phẩm
|
| 653 |
# |
# |
|a Thương mại hóa
|
| 700 |
# |
# |
|a Nguyễn Hồng Nga.
|
| 773 |
# |
# |
|t Tạp chí Khoa học xã hội Việt Nam
|g Số 1, 2019, tr. 23-29
|
| 920 |
# |
# |
|a Phòng Tạp chí -- Trung tâm Thông tin - Thư viện Trường Đại học Đà Lạt
|
| 900 |
# |
# |
|a True
|
| 911 |
# |
# |
|a Hoàng Thị Huyền
|
| 925 |
# |
# |
|a G
|
| 926 |
# |
# |
|a A
|
| 927 |
# |
# |
|a BB
|
| 980 |
# |
# |
|a Thư viện Trường Đại học Đà Lạt
|